000 00377nam a22001577a 4500
003 MACL
005 20151117153935.0
008 151117b xxu||||| |||| 00| 0 eng d
040 _cMACL
041 _aEnglish
082 _a920/NAI
100 _aNaidu, Leela with Jerry Pinto
_917349
245 _aLeela A Patchwork Life
650 _aAuto biography
_914205
942 _2ddc
_cBK
999 _c50604
_d50604